Historia paraguaya: anuario

Tallennettuna:
Bibliografiset tiedot
Yhteisötekijä: Instituto Paraguayo de Investigaciones Históricas (Tekijä)
Aineistotyyppi: Kirja
Kieli:espanja
Julkaistu: Asunción Lumen 1957
Aiheet:
Tagit: Lisää tagi
Ei tageja, Lisää ensimmäinen tagi!

MARC

LEADER 00000nam a2200000 a 4500
001 UCO3810
003 CL-VaPUC
008 000720e19570000PY |||||||||||||||||spa|d
082 0 4 |a 989.2072  |b INS  |2 21 
110 2 |a Instituto Paraguayo de Investigaciones Históricas  |e author  |9 447759 
245 1 0 |a Historia paraguaya: anuario 
300 |a 147 p 
942 |c BK 
945 |d 20000720 00:00:00  |a crobeson 
260 |a Asunción  |b Lumen  |c 1957 
650 7 |a HISTORIA DE PARAGUAY 1957  |2 CL-VaPUC  |9 447760 
650 0 |a Anuarios  |9 258977 
651 0 |a Paraguay  |9 255336 
583 |a last modification  |c 20000720 00:00:00  |k Rodrigo Vera 
999 |c 289941  |d 289939 
952 |0 0  |1 0  |4 0  |6 989_207200000000000_INS_1957  |7 0  |8 A  |9 338926  |a BIBHIS  |b BIBHIS  |d 2019-11-20  |i 1201484  |o 989.2072 INS 1957  |p 1201484  |r 2025-01-20  |w 2019-11-20  |y BK  |k HIS